Avec Michel SERRAULT ... ou pas - Statistiques

Statistiques générales
  • Ce quiz a été pris 48 fois
    28 depuis la dernière actualisation
  • Le résultat moyen est 10 sur 36
Answers on the Grid
Answers color-coded by a green-red scale on the quiz's grid according to % correct below.
Le bonheur est dans le pré (1995)
Poulet au vinaigre (1985)
Quand passent les faisans (1965)
C'est pas parce qu'on a rien à dire qu'il faut fermer sa gueule... (1975)
Ah ! Les belles bacchantes (1954)
Les diaboliques (1955)
Assassins et voleurs (1956)
La belle américaine (1961)
Bébert et l'omnibus (1963)
Des pissenlits par la racine (1964)
Les compagnons de la marguerite (1967)
Du mou dans la gâchette (1967)
Le fou du labo 4 (1967)
Ces messieurs de la famille (1968)
Le cri du cormoran le soir au-dessus des jonques (1971)
Tout le monde il est beau, tout le monde il est gentil (1972)
Le viager (1972)
Le grand bazar (1973)
Les gaspards (1974)
Un linceul n'a pas de poches (1974)
Opération Lady Marlène (1975)
Préparez vos mouchoirs (1978)
La cage aux folles (1978)
La gueule de l’autre (1979)
Pile ou face (1980)
Garde à vue (1981)
Les fantômes du chapelier (1982)
Deux heures moins le quart avant Jésus-Christ (1982)
Le bon Roi Dagobert (1984)
À mort l’arbitre (1984)
Docteur Petiot (1990)
Nelly et monsieur Arnaud (1995)
Beaumarchais, l’insolent (1996)
Assassin(s) (1997)
Une hirondelle a fait le printemps (2001)
Albert est méchant (2004)
L'impossible Monsieur Pipelet (1955)
Le gorille vous salue bien (1958)
Les lions sont lâchés (1961)
C’est pas moi, c’est l’autre (1962)
Un drôle de paroissien (1963)
Les vierges (1963)
Faites sauter la banque ! (1964)
La métamorphose des cloportes (1965)
Un idiot à Paris (1967)
La grande lessive (1968)
Dernier domicile connu (1970)
Le mur de l'Atlantique (1970)
Le drapeau noir flotte sur la marmite (1971)
Quelques messieurs trop tranquilles (1973)
Adieu poulet (1975)
Un mauvais fils (1980)
Les Misérables (1982)
Le Libertin (2000)
 
Statistiques - réponses
Réponse % Correct
La cage aux folles (1978)
75%
Le viager (1972)
75%
À mort l’arbitre (1984)
67%
Deux heures moins le quart avant Jésus-Christ (1982)
67%
Le bonheur est dans le pré (1995)
67%
Les fantômes du chapelier (1982)
50%
Nelly et monsieur Arnaud (1995)
50%
Assassin(s) (1997)
42%
Docteur Petiot (1990)
42%
Garde à vue (1981)
42%
Les gaspards (1974)
42%
Pile ou face (1980)
33%
Une hirondelle a fait le printemps (2001)
33%
La belle américaine (1961)
25%
Le cri du cormoran le soir au-dessus des jonques (1971)
25%
Préparez vos mouchoirs (1978)
25%
Beaumarchais, l’insolent (1996)
17%
C'est pas parce qu'on a rien à dire qu'il faut fermer sa gueule... (1975)
17%
La gueule de l’autre (1979)
17%
Le Libertin (2000)
17%
Les diaboliques (1955)
17%
Opération Lady Marlène (1975)
17%
Quand passent les faisans (1965)
17%
Tout le monde il est beau, tout le monde il est gentil (1972)
17%
Un linceul n'a pas de poches (1974)
17%
Ah ! Les belles bacchantes (1954)
8%
Albert est méchant (2004)
8%
Assassins et voleurs (1956)
8%
Ces messieurs de la famille (1968)
8%
Du mou dans la gâchette (1967)
8%
Le bon Roi Dagobert (1984)
8%
Le grand bazar (1973)
8%
Les compagnons de la marguerite (1967)
8%
Bébert et l'omnibus (1963)
0%
Des pissenlits par la racine (1964)
0%
Le fou du labo 4 (1967)
0%
Aucun quiz correspondant
Distribution des résultats
% des personnes avec chaque résultat
Percentile par nombre de réponses
Votre historique - résultats
Vous n’avez pas pris ce quiz depuis la dernière actualisation